Statistics for Lord of the Rings Quotes

Click here to take the quiz!

General Stats

  • This quiz has been taken 7,276 times
  • The average score is 8 of 9

Answer Stats

HintAnswer% Correct
"I will take it! I will take the ring to _____!"Mordor
97%
"Nine companions. So be it. You shall be the ______ __ __ _____."Fellowship of the Ring
95%
"A wizard is never late, Frodo Baggins. Nor is he early. He ____ precisely when he means to."arrives
92%
"We will not abandon Merry and Pippin to torment to death. Not while we have strength left. Leave all that can be spared left behind. We travel light. Let's hunt some ___."orc
92%
"One ring to rule them all. One ring to ___ ___. One Ring to bring them all and in the darkness bind them."find them
86%
"Keep it secret, keep it ____."safe
86%
"I would have followed you, my brother, my captain, my ____."king
84%
"I made a promise Mr. Frodo. A promise. Don't you leave him ___ ___. And I don't mean to."Samwise Gamgee
71%
"It comes in pints? I'm _____ ___."getting one
62%

Score Distribution

Percentile by Number Answered

Percent of People with Each Score

Your Score History

You have not taken this quiz